01057pab a2200145 454500008004000000100002000040245008900060260000900149300001500158362001200173520061800185650004300803650002100846773004400867180718b2008 xxu||||| |||| 00| 0 eng d aJayalakshmi, K. aDecentralised governance in Uttarakhand: Operational issues and suggestive framework c2008 ap.315-340. aApr-Jun aUttarakhand has a rich tradition of equitable distribution of livelihood needs and speedy dispensation of justice through its conventional institutions at grassroots. The article examines the existing position of panchayats in terms of their structure, devolution of functions, functionaries and funds with the proposed activity and schematic mapping at all levels and resource sharing management of key resources like water and forest. It tries to understand and evaluate the role of gram sabha, with a special emphasis on organic linkage and space sharing with Nyaya panchayats and Van panchayats. - Reproduced. aDecentralization - India - Uttarakhand aDecentralization aIndian Journal of Public Administration